000 00612cam a22002411 4500
001 sa 65007044
003 DLC
005 20260227112147.0
008 890510s1963 xx 000 0 hino
010 _asa 65007044
035 _a(OCoLC)23579176
040 _aDLC
_cMiU
_dDLC
042 _apremarc
050 0 0 _aBL1228.3.F3
_bD3
100 1 _aDayalu, Shiva,
_eed. and tr.
245 1 0 _aGṛhastha dharma evaṃ nārī-pūja.
260 _c[1963]
300 _a26 p.
_c19 cm.
500 _aRomanized.
630 0 0 _aVedas
_xEthics.
650 0 _aFamilies
_xReligious life
730 0 _aVedas.
_kSelections.
999 _c65020
_d65020